Central Library OPAC University of Rajshahi

Forest protection / (Record no. 66813)

MARC details
000 -LEADER
fixed length control field 00796nam a2200265 a 4500
001 - CONTROL NUMBER
control field 66813
003 - CONTROL NUMBER IDENTIFIER
rucl marc code BD-RjUL
005 - DATE AND TIME OF LATEST TRANSACTION
control field 20211209081600.0
008 - FIXED-LENGTH DATA ELEMENTS--GENERAL INFORMATION
fixed length control field 770525s1948 enk 001 0 eng
035 ## - SYSTEM CONTROL NUMBER
System control number (BD-RjUL)66944
040 ## - CATALOGING SOURCE
Original cataloging agency DLC
Transcribing agency DMM
Modifying agency BD-RjUL
Language of cataloging eng
041 ## - LANGUAGE CODE
Language code of text/sound track or separate title eng
082 ## - DEWEY DECIMAL CLASSIFICATION NUMBER
Classification number 634.9
Edition number 23
Author mark and year HAF 1948
100 1# - MAIN ENTRY--PERSONAL NAME
Personal name Hawley, Ralph C.
Fuller form of name (Ralph Chipman),
Dates associated with a name 1880-
9 (RLIN) 197819
245 10 - TITLE STATEMENT
Title Forest protection /
Statement of responsibility, etc. Ralph C. Hawley and Paul William Stickel
260 ## - PUBLICATION, DISTRIBUTION, ETC. (IMPRINT)
Place of publication, distribution, etc. London :
Name of publisher, distributor, etc. Chapman & Hall, limited,
Date of publication, distribution, etc. c1948.
300 ## - PHYSICAL DESCRIPTION
Pagination x, 355 p. ;
Size 24 cm.
500 ## - GENERAL NOTE
General note Includes index
650 #0 - SUBJECT ADDED ENTRY--TOPICAL TERM
Topical term or geographic name as entry element Forests and forestry.
9 (RLIN) 197820
Topical term or geographic name as entry element Forest protection.
9 (RLIN) 197821
Topical term or geographic name as entry element Forest fires.
9 (RLIN) 197822
700 ## - ADDED ENTRY--PERSONAL NAME
Personal name Stickel, Paul William
942 ## - ADDED ENTRY ELEMENTS (KOHA)
Source of classification or shelving scheme Dewey Decimal Classification
Koha item type Books
Holdings
Lost status Source of classification or shelving scheme Damaged status Not for loan Collection code Permanent Location Current Location Shelving location Date acquired Source of acquisition Cost, normal purchase price Total Checkouts Full call number Date last seen Copy number Koha item type
  Dewey Decimal Classification   Not For Loan Non-fiction Central Library, University of Rajshahi Central Library, University of Rajshahi Reading Room 05/03/1956 B.H.Black & Well 2.40   634.9 HAF 1948 20/03/2017 C-1 Books